Tuntemattoman sotilaan hahmot jotka kuolevat - Statistics

General Stats
  • This quiz has been taken 21 times
  • The average score is 5 of 13
Answers on the Grid
Answers color-coded by a green-red scale on the quiz's grid according to % correct below.
Koskela
Riitaoja
Vanhala
Lammio
Lehto
Rokka
Susi
Hietanen
Mäkilä
Kariluoto
Honkajoki
Viirilä
Asumaniemi
Rahikainen
Sihvonen
Kaarna
Salo
Korsumäki
Sinkkonen
Mielonen
Määttä
Sarastie
Ukkola
Hauhia
 
Answer Stats
Answer % Correct
Koskela
82%
Lehto
82%
Riitaoja
64%
Asumaniemi
55%
Hietanen
36%
Kaarna
36%
Kariluoto
36%
Hauhia
27%
Mäkilä
27%
Viirilä
27%
Korsumäki
18%
Ukkola
18%
Sarastie
9%
No matching quizzes found
Score Distribution
Percent of People with Each Score
Percentile by Number Answered
Your Score History
You have not taken this quiz